| 000 | 00340nam a2200133Ia 4500 | ||
|---|---|---|---|
| 008 | 240624s9999 xx 000 0 und d | ||
| 041 | _aeng | ||
| 082 | _a650.1 KEL | ||
| 100 | _aKELLEY KATIE C | ||
| 245 | _aCAREER COURAGE DISCOVER YOUR PASSION STE | ||
| 260 |
_c2016 _aNew York _bAmacom |
||
| 300 | _axiii, 222 p.; 23 cm. | ||
| 365 |
_c _b33 |
||
| 999 |
_c32145 _d32145 |
||